Open Data Biblioteca Nacional de Portugal


República Portuguesa: Ministério da Cultura
Biblioteca Nacional de Portugal

Catálogo da BNP: acesso por Identificadores Unívocos
Registos Bibliográficos associados ao registo de autoridade

Etiqueta de registo: 00254nam 2200025 450
001 2280578
003 http://id.bnportugal.gov.pt/bib/catbnp/2280578
100 ## $a20260316d2025 k y0pory01030103ba
101 0# $apor$deng
102 ## $aPT
105 ## $aa m 000yy
106 ## $ar
200 1# $a O papel das fronteiras entre o trabalho e a família-vida pessoal na recuperação de profissionais com contextos de trabalho não convencionais$fMadalena Fonseca Marques Nunes Mascarenhas$gorient. Maria José Chambel Soares, Vânia Sofia Gomes de Carvalho
210 #9 $aLisboa$c[s.n.],$d2025
215 ## $a195 f.$cil.$d30 cm
328 #1 $aTese dout. Psicologia (Psicologia dos Recursos Humanos, do Trabalho e das Organizações), Faculdade de Psicologia, Universidade de Lisboa, 2025
675 ## $a005.32(043)$vBN$zpor$31262176
675 ## $a331.103(043)$vBN$zpor$3793599
700 #1 $aMascarenhas,$bMadalena Fonseca Marques Nunes$31991595
702 #1 $aSoares,$bMaria José Chambel$f1962-$4727$338373
702 #1 $aCarvalho,$bVânia Sofia Gomes de$4727$31651342
801 #0 $aPT$bBN$gRPC
966 ## $lBN$mFGMON$sP. 72471 V.$x1
971 ## $cssilva$d20260316
972 ## $e0$z0$d20260408$vlrevez
973 ## $csteixeira$d20260406

OpendataBNP@bnportugal.pt | Mais informação sobre acesso aos dados BNP